| 000 | 00387nam a22001457a 4500 | ||
|---|---|---|---|
| 082 |
_a671.2 _bMOD _cL-24, P-1 |
||
| 100 |
_aHoward, E.D _945048 |
||
| 245 |
_aModern foundry practice _cHoward, E.D |
||
| 250 | _a3rd ed. | ||
| 260 |
_aLondon _bOdhams Press _c1958 c. |
||
| 300 |
_a464 p. _bill. _c25 cm |
||
| 526 |
_a0 _b0 _c0 _d671_200000000000000_MOD |
||
| 650 |
_aMCE _9379 |
||
| 942 |
_2ddc _cBK |
||
| 999 |
_c548659 _d548659 |
||